| 000 | 00855nam a22002057a 4500 | ||
|---|---|---|---|
| 003 | OSt | ||
| 005 | 20260212133915.0 | ||
| 008 | 260212b |||||||| |||| 00| 0 eng d | ||
| 040 | _c0 | ||
| 082 | _2DPer 796.07 J826 January-October 2023 v.42 n. 1-4 | ||
| 100 |
_aBanville, Dominique. _eauthor. _969644 |
||
| 245 |
_aThe Secondary School Curriculum : _bTeachers' and Students' Perspectives / _cDominique Banville, Risto Marttinen, and Alba Rodrigues. |
||
| 260 |
_aUS ; _bHuman Kinetics, Inc. _cJanuary 2023. |
||
| 300 |
_aVolume 42, pages 97-105 : _billustration ; _c29 cm. |
||
| 500 | _aJournal of Teaching in Physical Education, vol. 42 no. 1, pages 97-105, January-October 2023. | ||
| 700 |
_aBanville, Dominique. _eauthor. _4Ban _969644 |
||
| 700 |
_aMarttinen, Risto. _eauthor. _959936 |
||
| 700 |
_aRodrigues, Alba. _eauthor. _969645 |
||
| 942 |
_2ddc _cPER |
||
| 999 |
_c24312 _d24312 |
||